=LDR 00000nam 2200000 4500 =001 INLIS000000000020286 =005 20130612115241 =008 ***********************************Ind** =035 ##$$0010-061300000020286 =041 ##$$a Ind =082 ##$$a 340 =090 ##$$a 340, Sut a =100 ##$$a Sutiyoso, Bambang =245 ##$$a Aktualisasi hukum dalam era reformasi, oleh Bambang Sutiyoso, SH, M.Hum =260 ##$$a 2004 $b Jakarta =300 ##$$a xviii, 350 hlm, 21 cm =650 ##$$a Hukum =850 ##$$a NBPNMAT